[Event "JPN-ch"]
[Site "Tokyo"]
[Date "2020.11.03"]
[Round "7"]
[White "Osaka, Takuma"]
[Black "Otawa, Yuto"]
[Result "0-1"]
[WhiteElo "2048"]
[BlackElo "2130"]
[PlyCount "100"]
[EventDate "2020.10.31"]
[EventType "swiss"]
[EventRounds "7"]
[EventCountry "JPN"]
[SourceTitle "CBM 199 Extra"]
[Source "ChessBase"]
[SourceDate "2021.01.31"]
[SourceVersion "1"]
[SourceVersionDate "2021.01.31"]
[SourceQuality "1"]

1. d4 d5 2. c4 e6 3. Nc3 Be7 4. Nf3 Nf6 5. Bg5 h6 6. Bh4 0-0 7. e3 Ne4 8. Bxe7 Qxe7 9. Qc2 Nxc3 10. Qxc3 dxc4 11. Bxc4 Nd7 12. 0-0 c5 13. Rac1 cxd4 14. exd4 Nb6 15. Bb3 Bd7 16. Ne5 Bb5 17. Rfe1 Rac8 18. Qf3 Rxc1 19. Rxc1 Rd8 20. Rc5 Ba4 21. Bxa4 Nxa4 22. Ra5 Qc7 23. Nc6 Nb6 24. Rxa7 Qxc6 25. Qxc6 bxc6 26. Kf1 Rxd4 27. Ra6 Rb4 28. b3 c5 29. Ke2 Nd5 30. Ra8+ Kh7 31. Kd2 Kg6 32. Rc8 Rb5 33. Kc2 Kf6 34. a4 Ra5 35. Kd3 Ke7 36. g3 Kd6 37. Rd8+ Ke7 38. Rc8 g6 39. h4 Kd6 40. f4 Ra7 41. Rd8+ Rd7 42. Rh8 h5 43. Kc4 Kc6 44. Rc8+ Rc7 45. Rf8 Ne3+ 46. Kd3 Nf5 47. Kc4 Nxg3 48. a5 Nf5 49. Rb8 Nd6+ 50. Kd3 Rb7 0-1

[Event "Online Olym Div3 A"]
[Site "Chess.com INT"]
[Date "2020.08.09"]
[Round "8.1"]
[White "Kien, Clovis"]
[Black "Osaka, Takuma"]
[Result "0-1"]
[WhiteElo "1706"]
[BlackElo "2048"]
[PlyCount "62"]
[EventDate "2020.08.07"]
[EventType "team-tourn (rapid)"]
[EventRounds "9"]
[EventCountry "USA"]
[SourceTitle "CBM 198"]
[Source "ChessBase"]
[SourceDate "2020.10.31"]
[SourceVersion "1"]
[SourceVersionDate "2020.10.31"]
[SourceQuality "1"]
[WhiteTeam "Monaco"]
[BlackTeam "Japan"]
[WhiteTeamCountry "MNC"]
[BlackTeamCountry "JPN"]

1. e4 c5 2. Nf3 d6 3. d4 cxd4 4. Nxd4 Nf6 5. Nc3 a6 6. Be2 e5 7. Nb3 Be7 8. 0-0 0-0 9. Bg5 Be6 10. Bxf6 Bxf6 11. Nd5 Nd7 12. Bg4 Bg5 13. Re1 Rc8 14. Nd2 Bxg4 15. Qxg4 Bxd2 16. Re2 Bh6 17. Rd1 Nf6 18. Nxf6+ Qxf6 19. Rd3 Rc6 20. h4 Qf4 21. Qd7 Qc1+ 22. Kh2 Qf1 23. Qg4 g6 24. h5 Rfc8 25. hxg6 hxg6 26. Rxd6 Rxd6 27. Qxc8+ Kg7 28. Qg4 Bf4+ 29. g3 Rd1 30. Qf3 Bg5 31. c4 Rd8 0-1

[Event "Online Olym Div3 A"]
[Site "Chess.com INT"]
[Date "2020.08.09"]
[Round "7.5"]
[White "Osaka, Takuma"]
[Black "Kim, Inguh"]
[Result "1-0"]
[WhiteElo "2048"]
[BlackElo "1900"]
[PlyCount "113"]
[EventDate "2020.08.07"]
[EventType "team-tourn (rapid)"]
[EventRounds "9"]
[EventCountry "USA"]
[SourceTitle "CBM 198"]
[Source "ChessBase"]
[SourceDate "2020.10.31"]
[SourceVersion "1"]
[SourceVersionDate "2020.10.31"]
[SourceQuality "1"]
[WhiteTeam "Japan"]
[BlackTeam "South Korea"]
[WhiteTeamCountry "JPN"]
[BlackTeamCountry "KOR"]

1. d4 d5 2. c4 e6 3. Nc3 Be7 4. cxd5 exd5 5. Bf4 c6 6. Qc2 Bd6 7. Bxd6 Qxd6 8. e3 Nf6 9. Bd3 b6 10. Nge2 Ba6 11. 0-0 0-0 12. Bxa6 Nxa6 13. Qa4 Nc7 14. Rfd1 Ng4 15. Ng3 f5 16. Nce2 Ne6 17. Rac1 Rac8 18. h3 Nh6 19. Nf4 g5 20. Nxe6 Qxe6 21. Qxa7 g4 22. h4 Rf7 23. Qxb6 Qf6 24. a4 f4 25. exf4 Qxf4 26. Rf1 Rb8 27. Qxc6 Rxb2 28. Qe8+ Rf8 29. Qe6+ Kh8 30. Nh5 Qxd4 31. Qxh6 Rfxf2 32. Qg7+ Qxg7 33. Rc8+ Qg8 34. Rxg8+ Kxg8 35. Rxf2 Rb1+ 36. Kh2 Ra1 37. Rd2 Rxa4 38. Nf6+ Kf7 39. Nxd5 Ra6 40. Ne3 h5 41. Rf2+ Kg6 42. Nd5 Ra4 43. g3 Rd4 44. Nf4+ Kh6 45. Kg2 Re4 46. Rd2 Re5 47. Rd6+ Kh7 48. Kf2 Rc5 49. Rd2 Rb5 50. Rd5 Rb2+ 51. Ke3 Rb3+ 52. Rd3 Rb5 53. Ke4 Kh6 54. Rd5 Rb4+ 55. Kf5 Rb3 56. Rd6+ Kh7 57. Nxh5 1-0

[Event "Paracin Summer op-A 12th"]
[Site "Paracin"]
[Date "2019.07.06"]
[Round "3"]
[White "Zavgorodniaya, Alena"]
[Black "Osaka, Takuma"]
[Result "0-1"]
[WhiteElo "2128"]
[BlackElo "1972"]
[PlyCount "78"]
[EventDate "2019.07.05"]
[EventType "swiss"]
[EventRounds "9"]
[EventCountry "SRB"]
[SourceTitle "EXT 2020"]
[Source "ChessBase"]
[SourceDate "2019.10.17"]
[SourceVersion "1"]
[SourceVersionDate "2019.10.17"]
[SourceQuality "1"]

1. e4 c5 2. Nf3 d6 3. Bc4 Nf6 4. Qe2 Bg4 5. h3 Bxf3 6. Qxf3 Nc6 7. c3 a6 8. Bb3 e6 9. d3 Be7 10. 0-0 0-0 11. Qe2 b5 12. Be3 d5 13. Nd2 Qd7 14. Bc2 Rfd8 15. exd5 exd5 16. d4 cxd4 17. cxd4 Re8 18. Nf3 Bd6 19. Qd1 Ne4 20. Rc1 Na5 21. Ng5 Nf6 22. Qd3 g6 23. b3 Ba3 24. Rcd1 Nc6 25. Bb1 Rac8 26. f4 Qe7 27. Bf2 Ne4 28. Nxe4 dxe4 29. Qe3 Nb4 30. Rde1 f5 31. g4 Nd5 32. Qg3 Rc3 33. Qh2 Kh8 34. Re2 Bd6 35. Be1 Rc1 36. Bg3 Rxf1+ 37. Kxf1 Rc8 38. Rc2 Ne3+ 39. Ke1 Bb4+ 0-1

[Event "JPN-ch 52nd"]
[Site "Tokyo"]
[Date "2019.04.29"]
[Round "2"]
[White "Osaka, Takuma"]
[Black "Kojima, Shinya"]
[Result "0-1"]
[WhiteElo "1995"]
[BlackElo "2395"]
[PlyCount "86"]
[EventDate "2019.04.29"]
[EventType "swiss"]
[EventRounds "10"]
[EventCountry "JPN"]
[SourceTitle "CBM 190 Extra"]
[Source "ChessBase"]
[SourceDate "2019.07.15"]
[SourceVersion "1"]
[SourceVersionDate "2019.07.15"]
[SourceQuality "1"]

1. d4 d5 2. c4 c6 3. Nf3 Nf6 4. Nc3 a6 5. c5 g6 6. Bf4 Bg7 7. h3 Bf5 8. e3 Nbd7 9. Be2 Be4 10. 0-0 Bxf3 11. Bxf3 0-0 12. b4 Re8 13. Qc2 e5 14. dxe5 Nxe5 15. Be2 Qe7 16. Rfd1 Nfd7 17. Rab1 Nf8 18. Bh2 Rad8 19. Bf1 Ne6 20. Ne2 Nc4 21. Rb3 a5 22. Nd4 Nxd4 23. exd4 axb4 24. Rxb4 b6 25. Bd6 Nxd6 26. cxd6 Rxd6 27. Rxb6 Qc7 28. Qc5 Rde6 29. g3 Bf8 30. Qa5 Bd6 31. Rd3 Re1 32. Kg2 Qe7 33. Rxc6 Qe4+ 34. Rf3 Rxf1 35. Rxd6 Rxf2+ 36. Kxf2 Qe2+ 37. Kg1 Qxf3 38. Rd8 Qxg3+ 39. Kf1 Qxh3+ 40. Kg1 Qg4+ 41. Kf1 Qf4+ 42. Kg2 Qg5+ 43. Kh1 Rxd8 0-1

[Event "Tokyo City-ch"]
[Site "Tokyo"]
[Date "2019.03.24"]
[Round "5"]
[White "Ogasa, Seiichi"]
[Black "Osaka, Takuma"]
[Result "0-1"]
[WhiteElo "1797"]
[BlackElo "2090"]
[PlyCount "74"]
[EventDate "2019.03.23"]
[EventType "swiss"]
[EventRounds "6"]
[EventCountry "JPN"]
[SourceTitle "CBM 190 Extra"]
[Source "ChessBase"]
[SourceDate "2019.07.15"]
[SourceVersion "1"]
[SourceVersionDate "2019.07.15"]
[SourceQuality "1"]

1. e4 c5 2. Nf3 d6 3. Nc3 Nf6 4. d3 g6 5. g3 Bg7 6. Bg2 0-0 7. 0-0 Nc6 8. Ne2 Qc7 9. c3 Rb8 10. Nh4 Bg4 11. f3 Bd7 12. Be3 b5 13. Qd2 Rfc8 14. Bh6 Bh8 15. f4 Ng4 16. f5 Nxh6 17. Qxh6 Bg7 18. Qf4 Bf6 19. Nf3 Ne5 20. Rad1 Nxf3+ 21. Rxf3 b4 22. c4 d5 23. cxd5 Qxf4 24. gxf4 Bxb2 25. Bh3 Rc7 26. Rg3 Kf8 27. fxg6 hxg6 28. Kf2 Bxh3 29. Rxh3 Bg7 30. f5 c4 31. fxg6 fxg6 32. Nf4 Kg8 33. Ne6 Rcc8 34. dxc4 Rxc4 35. Nxg7 Kxg7 36. Kf3 b3 37. Rd2 b2 0-1

[Event "Tokyo City-ch"]
[Site "Tokyo"]
[Date "2019.03.24"]
[Round "4"]
[White "Osaka, Takuma"]
[Black "Schweizer, Simon"]
[Result "0-1"]
[WhiteElo "2090"]
[BlackElo "2230"]
[PlyCount "72"]
[EventDate "2019.03.23"]
[EventType "swiss"]
[EventRounds "6"]
[EventCountry "JPN"]
[SourceTitle "CBM 190 Extra"]
[Source "ChessBase"]
[SourceDate "2019.07.15"]
[SourceVersion "1"]
[SourceVersionDate "2019.07.15"]
[SourceQuality "1"]

1. d4 Nf6 2. c4 e6 3. Nc3 Bb4 4. Qc2 d5 5. a3 Bxc3+ 6. Qxc3 dxc4 7. Qxc4 b6 8. Nf3 0-0 9. g3 Ba6 10. Qc2 Bb7 11. Bg2 Be4 12. Qd1 Qd5 13. 0-0 Nc6 14. Bf4 Rac8 15. Rc1 Rfd8 16. Be3 h6 17. Qa4 a5 18. Qc4 Qh5 19. Nh4 Ne7 20. Bxe4 Nxe4 21. Nf3 Nf5 22. Qc6 Nf6 23. Rfd1 Ng4 24. Bf4 Nxd4 25. Qe4 f5 26. Qd3 e5 27. Qc4+ Kh7 28. Rxd4 Rxd4 29. Qe6 Re8 30. Qc6 exf4 31. h4 Rd6 32. Qxc7 Red8 33. Kg2 fxg3 34. fxg3 Qe8 35. Qc2 Qe4 36. Qxe4 fxe4 0-1

[Event "Senta op 22nd"]
[Site "Senta"]
[Date "2018.07.17"]
[Round "5"]
[White "Osaka, Takuma"]
[Black "Mihov, Filip"]
[Result "0-1"]
[WhiteElo "1938"]
[BlackElo "2160"]
[PlyCount "130"]
[EventDate "2018.07.14"]
[EventType "swiss"]
[EventRounds "9"]
[EventCountry "SRB"]
[SourceTitle "CBM 185 Extra"]
[Source "ChessBase"]
[SourceDate "2018.07.29"]
[SourceVersion "1"]
[SourceVersionDate "2018.07.29"]
[SourceQuality "1"]

1. d4 d5 2. c4 dxc4 3. e4 c5 4. d5 Nf6 5. Nc3 b5 6. Bf4 Qa5 7. Qc2 Na6 8. Nf3 e6 9. Nd2 Nb4 10. Qb1 exd5 11. a3 Nc6 12. Nxd5 Nxd5 13. exd5 Nd4 14. Qe4+ Be7 15. d6 0-0 16. dxe7 Re8 17. Qxa8 Nc2+ 18. Kd1 Bg4+ 19. f3 Rxa8 20. Kxc2 Qa4+ 21. Kc1 Be6 22. Bd6 Qa6 23. Bxc5 Qc6 24. Bd4 Qd6 25. Bc3 Qxe7 26. Be2 Bh3 27. Bd1 Bf5 28. Bc2 Bd3 29. Bxd3 cxd3 30. Nb3 Qe2 31. Kb1 Qxg2 32. Ka2 Qxf3 33. Rhg1 g6 34. Rg3 Qd5 35. Rd1 Rd8 36. Rd2 Qc4 37. Bf6 Rd6 38. Be5 Rd5 39. Bc3 f5 40. Re3 Kf7 41. Bb4 Rd7 42. Re5 f4 43. Rf2 a6 44. Rc5 Qe4 45. Nd2 Qe6+ 46. b3 Qg4 47. Rc8 g5 48. Rf8+ Kg7 49. Rc8 Qd1 50. Ne4 h6 51. Bf8+ Kg6 52. Bb4 Kf5 53. Re8 Rc7 54. Nc5 a5 55. Re1 Qh5 56. Ne6 axb4 57. Nxc7 bxa3 58. Ne6 Qh4 59. Nd4+ Kf6 60. Re6+ Kf7 61. Rd2 Qh3 62. Rd6 Qe3 63. Rd1 b4 64. Kb1 Qf2 65. Rd7+ Ke8 0-1

[Event "Senta op 22nd"]
[Site "Senta"]
[Date "2018.07.15"]
[Round "3"]
[White "Sirotanovic, Obrad"]
[Black "Osaka, Takuma"]
[Result "0-1"]
[WhiteElo "2189"]
[BlackElo "1938"]
[PlyCount "106"]
[EventDate "2018.07.14"]
[EventType "swiss"]
[EventRounds "9"]
[EventCountry "SRB"]
[SourceTitle "CBM 185 Extra"]
[Source "ChessBase"]
[SourceDate "2018.07.29"]
[SourceVersion "1"]
[SourceVersionDate "2018.07.29"]
[SourceQuality "1"]

1. c4 c5 2. Nc3 Nc6 3. g3 g6 4. Bg2 Bg7 5. e3 e6 6. Nge2 Nge7 7. 0-0 Nf5 8. a3 Rb8 9. b4 b6 10. Rb1 Bb7 11. Qa4 0-0 12. bxc5 bxc5 13. Rb5 Qe7 14. Ne4 Nd6 15. Nxd6 Qxd6 16. d4 cxd4 17. c5 Qc7 18. exd4 Ba8 19. Rxb8 Rxb8 20. Bf4 e5 21. dxe5 Nxe5 22. Bxa8 Rxa8 23. Qe4 Rb8 24. Rd1 Qb7 25. Qxb7 Rxb7 26. Bxe5 Bxe5 27. f4 Bb2 28. Rd3 Kf8 29. Kf2 Ke7 30. Ke3 Rb5 31. a4 Rxc5 32. Rb3 Bf6 33. Rb4 a5 34. Rb5 Rxb5 35. axb5 Kd6 36. g4 a4 37. Kd3 a3 38. Nc1 Bb2 39. Na2 Kc5 40. b6 Kxb6 41. Kc4 Kc6 42. Nb4+ Kd6 43. Kb3 Kc5 44. Na6+ Kd4 45. Nb8 d5 46. f5 Ke3 47. Nc6 d4 48. fxg6 fxg6 49. Nb4 d3 50. Nd5+ Kf2 51. Nf4 d2 52. Kc2 a2 53. Nd3+ Kf3 0-1

[Event "JPN-ch"]
[Site "Tokyo"]
[Date "2018.05.01"]
[Round "6"]
[White "Scott, Tyler"]
[Black "Osaka, Takuma"]
[Result "1/2-1/2"]
[WhiteElo "2089"]
[BlackElo "1956"]
[PlyCount "149"]
[EventDate "2018.04.29"]
[EventType "swiss"]
[EventRounds "11"]
[EventCountry "JPN"]
[SourceTitle "CBM 184 Extra"]
[Source "ChessBase"]
[SourceDate "2018.06.28"]
[SourceVersion "1"]
[SourceVersionDate "2018.06.28"]
[SourceQuality "1"]

1. d4 Nf6 2. c4 g6 3. Nc3 d5 4. Nf3 Bg7 5. Qb3 dxc4 6. Qxc4 0-0 7. e4 Na6 8. Be2 c5 9. d5 e6 10. 0-0 exd5 11. exd5 Bf5 12. Rd1 Re8 13. d6 Ne4 14. d7 Re7 15. Nxe4 Rxe4 16. Bg5 Bf6 17. Bxf6 Qxf6 18. Qc3 Qxc3 19. d8Q+ Rxd8 20. Rxd8+ Kg7 21. bxc3 Rxe2 22. Rd2 Re4 23. Re1 Rc4 24. Re3 h6 25. Rb2 b6 26. Nd2 Ra4 27. f3 Be6 28. Re4 Ra3 29. Nb1 Ra5 30. a4 c4 31. Na3 Rxa4 32. Nb5 Nc5 33. Ree2 Ra1+ 34. Kf2 Nd3+ 35. Ke3 Nxb2 36. Rxb2 Kf6 37. Nd4 Ke5 38. f4+ Kd6 39. h3 Bd5 40. g4 Re1+ 41. Kf2 Re7 42. f5 Be4 43. Kg3 Bd3 44. Kf3 Rb7 45. h4 a5 46. Kf4 gxf5 47. gxf5 b5 48. Rxb5 Rxb5 49. Nxb5+ Kc5 50. Na3 f6 51. Kg4 Be2+ 52. Kf4 h5 53. Ke4 Bd3+ 54. Kf4 a4 55. Ke3 Bxf5 56. Kf4 Bd3 57. Ke3 Kd5 58. Kf4 Ke6 59. Nb5 Bg6 60. Na3 Kd5 61. Nb5 Bd3 62. Na3 Kc5 63. Ke3 Bf5 64. Kf4 Be6 65. Ke3 Bf5 66. Kf4 Bd3 67. Ke3 Kd6 68. Kf4 Kd5 69. Nb5 a3 70. Nxa3 Kc5 71. Ke3 f5 72. Kf4 Kb6 73. Kg5 Be2 74. Kxf5 Ka5 75. Kg5 1/2-1/2

[Event "JPN-ch"]
[Site "Tokyo"]
[Date "2018.04.29"]
[Round "2"]
[White "Osaka, Takuma"]
[Black "Shiomi, Ryo"]
[Result "0-1"]
[WhiteElo "1956"]
[BlackElo "2085"]
[PlyCount "68"]
[EventDate "2018.04.29"]
[EventType "swiss"]
[EventRounds "11"]
[EventCountry "JPN"]
[SourceTitle "CBM 184 Extra"]
[Source "ChessBase"]
[SourceDate "2018.06.28"]
[SourceVersion "1"]
[SourceVersionDate "2018.06.28"]
[SourceQuality "1"]

1. d4 d5 2. c4 e6 3. Nc3 c5 4. cxd5 cxd4 5. Qa4+ Bd7 6. Qxd4 exd5 7. Qxd5 Nc6 8. Nf3 Nf6 9. Qd1 Bc5 10. e3 Qe7 11. Be2 0-0-0 12. 0-0 Kb8 13. a3 g5 14. Qc2 g4 15. Nh4 Rhg8 16. b4 Bb6 17. Bb2 Rg5 18. Rad1 Ne5 19. Ne4 Rh5 20. g3 Bc7 21. Nxf6 Qxf6 22. Bxe5 Bxe5 23. Qd2 Bc7 24. Qd4 Qh6 25. Qc4 Rxh4 26. gxh4 Qxh4 27. f4 g3 28. hxg3 Qxg3+ 29. Kh1 Qh3+ 30. Kg1 Rg8+ 31. Bg4 Rxg4+ 32. Kf2 Rg2+ 33. Ke1 Qxe3+ 34. Qe2 Qxe2# 0-1

[Event "Wch U14"]
[Site "Montevideo"]
[Date "2017.09.26"]
[Round "11"]
[White "Osaka, Takuma"]
[Black "Kumar, Nikhil"]
[Result "0-1"]
[WhiteElo "1973"]
[BlackElo "2317"]
[PlyCount "90"]
[EventDate "2017.09.17"]
[EventType "swiss"]
[EventRounds "11"]
[EventCountry "URU"]
[SourceTitle "EXT 2018"]
[Source "ChessBase"]
[SourceDate "2017.10.13"]
[SourceVersion "1"]
[SourceVersionDate "2017.10.13"]
[SourceQuality "1"]

1. d4 d5 2. c4 e6 3. Nc3 Nf6 4. cxd5 Nxd5 5. e4 Nxc3 6. bxc3 c5 7. Nf3 cxd4 8. cxd4 Bb4+ 9. Bd2 Bxd2+ 10. Qxd2 0-0 11. Bc4 Nd7 12. 0-0 b6 13. a4 Bb7 14. Rfe1 Nf6 15. Bd3 h6 16. a5 bxa5 17. Rxa5 Qc7 18. Rc5 Qe7 19. Qf4 Rfc8 20. Rec1 Rxc5 21. Rxc5 a5 22. Rc7 Qa3 23. Qe3 Bxe4 24. Bxe4 Qxe3 25. fxe3 Nxe4 26. Kf1 a4 27. Ke2 a3 28. Rc1 a2 29. Ra1 Ra3 30. Ne5 Nc3+ 31. Kd2 Nd5 32. Nc4 Rc3 33. Ne5 f6 34. e4 fxe5 35. exd5 Ra3 36. d6 exd4 37. d7 Ra8 38. Kd3 Rd8 39. Rxa2 Rxd7 40. Ke4 Kf7 41. Rf2+ Ke7 42. g3 d3 43. Rd2 Rd5 44. h3 Kd6 45. g4 g5 0-1

[Event "Wch U14"]
[Site "Montevideo"]
[Date "2017.09.25"]
[Round "10"]
[White "Budisavljevic, Luka"]
[Black "Osaka, Takuma"]
[Result "1/2-1/2"]
[WhiteElo "2272"]
[BlackElo "1973"]
[PlyCount "89"]
[EventDate "2017.09.17"]
[EventType "swiss"]
[EventRounds "11"]
[EventCountry "URU"]
[SourceTitle "EXT 2018"]
[Source "ChessBase"]
[SourceDate "2017.10.13"]
[SourceVersion "1"]
[SourceVersionDate "2017.10.13"]
[SourceQuality "1"]

1. d4 Nf6 2. Nf3 g6 3. Bf4 Bg7 4. e3 d5 5. h3 0-0 6. Be2 c5 7. c3 b6 8. Nbd2 Bb7 9. b4 Nbd7 10. 0-0 Re8 11. Qb3 Bc6 12. a4 e6 13. a5 c4 14. Qc2 b5 15. Ne5 Nxe5 16. Bxe5 Bh6 17. Nf3 Ne4 18. Bf4 Bg7 19. Ne5 Bb7 20. Rad1 f6 21. Nf3 e5 22. Bh2 Qe7 23. Rfe1 Rad8 24. Nd2 Ng5 25. Bf1 exd4 26. exd4 Qxe1 27. Rxe1 Rxe1 28. h4 Nf7 29. Nf3 Re7 30. h5 g5 31. Bg3 Bc8 32. Nh2 f5 33. f4 Bh6 34. Nf3 Rde8 35. fxg5 Nxg5 36. Nxg5 Bxg5 37. Be5 Rf7 38. Qf2 f4 39. Qf3 Rd8 40. g3 fxg3 41. Qxg3 h6 42. Bh3 Bf5 43. Bxf5 Rxf5 44. Qh3 Rdf8 45. a6 1/2-1/2

[Event "Wch U14"]
[Site "Montevideo"]
[Date "2017.09.22"]
[Round "7"]
[White "Anuj, Shrivatri"]
[Black "Osaka, Takuma"]
[Result "1-0"]
[WhiteElo "2246"]
[BlackElo "1973"]
[PlyCount "113"]
[EventDate "2017.09.17"]
[EventType "swiss"]
[EventRounds "11"]
[EventCountry "URU"]
[SourceTitle "CBM 180 Extra"]
[Source "ChessBase"]
[SourceDate "2017.10.06"]
[SourceVersion "1"]
[SourceVersionDate "2017.10.06"]
[SourceQuality "1"]

1. d4 Nf6 2. c4 g6 3. Nc3 d5 4. Nf3 Bg7 5. Qa4+ Bd7 6. Qb3 dxc4 7. Qxc4 0-0 8. Bf4 Na6 9. e4 c5 10. e5 Be6 11. exf6 Bxc4 12. fxg7 Kxg7 13. Bxc4 cxd4 14. 0-0-0 Rc8 15. Rxd4 Qa5 16. Kb1 Rfd8 17. Re4 Qf5 18. g4 Qxe4+ 19. Nxe4 Rxc4 20. Nfd2 Rcc8 21. Be5+ f6 22. Bc3 Nc7 23. Nf3 Nb5 24. Bd2 Rc4 25. Re1 Rd3 26. b3 Na3+ 27. Kb2 Rc2+ 28. Kxa3 Rxf3 29. Be3 Rh3 30. Rd1 Rc7 31. Bxa7 b5 32. Be3 h5 33. gxh5 Rxh5 34. Kb4 Rh4 35. f4 Rxh2 36. Nc5 Kf7 37. Rd2 Rh3 38. Re2 e5 39. fxe5 fxe5 40. Kxb5 Rh5 41. a4 g5 42. a5 g4 43. a6 Rh7 44. Kb6 Kf6 45. b4 Kf5 46. Rf2+ Kg6 47. b5 Rce7 48. Kc6 Rh3 49. Re2 Rh1 50. b6 Ra1 51. b7 Re8 52. Bf4 exf4 53. Rxe8 f3 54. b8Q f2 55. Qd6+ Kg5 56. Ne4+ Kf5 57. Qf6# 1-0

[Event "Wch U14"]
[Site "Montevideo"]
[Date "2017.09.19"]
[Round "4"]
[White "Osaka, Takuma"]
[Black "Torres Rivas, Felipe de Jesus"]
[Result "0-1"]
[WhiteElo "1973"]
[BlackElo "1652"]
[PlyCount "70"]
[EventDate "2017.09.17"]
[EventType "swiss"]
[EventRounds "11"]
[EventCountry "URU"]
[SourceTitle "CBM 180 Extra"]
[Source "ChessBase"]
[SourceDate "2017.10.06"]
[SourceVersion "1"]
[SourceVersionDate "2017.10.06"]
[SourceQuality "1"]

1. d4 d5 2. c4 e6 3. Nc3 Nf6 4. cxd5 exd5 5. Bg5 c6 6. Qc2 Be6 7. e3 Nbd7 8. Bd3 Bd6 9. Nge2 h6 10. Bf4 Nb6 11. 0-0 0-0 12. b3 Rc8 13. Rac1 Re8 14. Bxd6 Qxd6 15. Nf4 Bd7 16. Rfe1 g5 17. Nfe2 h5 18. Ng3 h4 19. Nf1 Re7 20. Rcd1 Rce8 21. Qc1 Ne4 22. f3 Nxc3 23. Qxc3 f5 24. Bb1 g4 25. Nd2 Qh6 26. e4 gxf3 27. gxf3 Rg7+ 28. Kh1 fxe4 29. fxe4 Bg4 30. Rc1 Qxd2 31. Qxd2 Bf3+ 32. Qg2 Bxg2+ 33. Kg1 Bxe4+ 34. Kf1 Rf8+ 35. Ke2 Rg2+ 0-1

[Event "Wch U14"]
[Site "Montevideo"]
[Date "2017.09.18"]
[Round "2"]
[White "Osaka, Takuma"]
[Black "Turgut, Aydin"]
[Result "0-1"]
[WhiteElo "1973"]
[BlackElo "2225"]
[PlyCount "78"]
[EventDate "2017.09.17"]
[EventType "swiss"]
[EventRounds "11"]
[EventCountry "URU"]
[SourceTitle "CBM 180 Extra"]
[Source "ChessBase"]
[SourceDate "2017.10.06"]
[SourceVersion "1"]
[SourceVersionDate "2017.10.06"]
[SourceQuality "1"]

1. d4 f5 2. Bg5 h6 3. Bh4 g5 4. e3 Nf6 5. Bg3 d6 6. h4 g4 7. h5 Be6 8. Bd3 Qd7 9. Ne2 Bf7 10. Nf4 Nc6 11. Nc3 e6 12. Qe2 0-0-0 13. 0-0-0 Ne7 14. e4 Bg7 15. f3 Qe8 16. Bh4 e5 17. dxe5 dxe5 18. Ng6 Bxg6 19. hxg6 Nxg6 20. exf5 Nxh4 21. Rxh4 h5 22. Bc4 Rxd1+ 23. Qxd1 Qd8 24. Be6+ Kb8 25. Rh1 Qxd1+ 26. Kxd1 gxf3 27. gxf3 h4 28. Rh3 c6 29. Ne2 e4 30. Nf4 Bh6 31. Ng6 Rd8+ 32. Ke1 exf3 33. Rxf3 Rd4 34. c3 Re4+ 35. Kd1 Ng4 36. Bb3 h3 37. Bc2 h2 38. Rf1 Nf2+ 39. Rxf2 h1Q+ 0-1

[Event "Wch U14"]
[Site "Khanty-Mansiysk"]
[Date "2016.10.02"]
[Round "10"]
[White "Oboladze, Luka"]
[Black "Osaka, Takuma"]
[Result "1-0"]
[WhiteElo "2083"]
[BlackElo "1888"]
[PlyCount "75"]
[EventDate "2016.09.22"]
[EventType "swiss"]
[EventRounds "11"]
[EventCountry "RUS"]
[SourceTitle "EXT 2017"]
[Source "ChessBase"]
[SourceDate "2016.10.25"]
[SourceVersion "1"]
[SourceVersionDate "2016.10.25"]
[SourceQuality "1"]

1. e4 c5 2. Nf3 d6 3. d4 cxd4 4. Qxd4 Nc6 5. Bb5 Bd7 6. Bxc6 Bxc6 7. Nc3 Nf6 8. Bg5 e6 9. 0-0-0 Be7 10. Qd3 Qa5 11. h4 0-0 12. Nd4 Rfc8 13. f4 a6 14. f5 e5 15. Nb3 Qc7 16. Bxf6 gxf6 17. Rd2 b5 18. Kb1 b4 19. Nd5 Bxd5 20. exd5 a5 21. Re2 a4 22. Nd2 Ra5 23. Ne4 Qa7 24. g4 Qd7 25. g5 Qd8 26. Rg1 Kh8 27. Reg2 Raa8 28. Qe3 Rc4 29. gxf6 Rxe4 30. Qxe4 Bxf6 31. Qxb4 Qd7 32. Qg4 h6 33. Qh5 Kh7 34. Rg6 fxg6 35. Qxg6+ Kh8 36. Qxh6+ Qh7 37. Qxf6+ Qg7 38. Qxg7# 1-0

[Event "Wch U14"]
[Site "Khanty-Mansiysk"]
[Date "2016.10.01"]
[Round "9"]
[White "Osaka, Takuma"]
[Black "Essa, Naseem Ahmed"]
[Result "1-0"]
[WhiteElo "1888"]
[BlackElo "1771"]
[PlyCount "55"]
[EventDate "2016.09.22"]
[EventType "swiss"]
[EventRounds "11"]
[EventCountry "RUS"]
[SourceTitle "EXT 2017"]
[Source "ChessBase"]
[SourceDate "2016.10.25"]
[SourceVersion "1"]
[SourceVersionDate "2016.10.25"]
[SourceQuality "1"]

1. d4 Nf6 2. c4 g6 3. Nc3 d5 4. Nf3 Bg7 5. Qb3 dxc4 6. Qxc4 0-0 7. e4 Be6 8. d5 Bc8 9. Be2 c6 10. Bf4 cxd5 11. exd5 Ne8 12. 0-0 Nd7 13. Rfd1 Nb6 14. Qb3 Nd6 15. a4 a5 16. Rac1 Bxc3 17. Rxc3 Bd7 18. Rd4 Nf5 19. Bc7 Nxd4 20. Nxd4 Bxa4 21. Qxb6 Qxd5 22. Bf3 Qa2 23. g3 Ra6 24. Qxb7 Rf6 25. Kg2 Qb1 26. Be5 Rd8 27. Qxe7 Rxf3 28. Qxd8+ 1-0

[Event "Wch U14"]
[Site "Khanty-Mansiysk"]
[Date "2016.09.26"]
[Round "5"]
[White "Osaka, Takuma"]
[Black "Hsu, Hsuan Ming"]
[Result "1-0"]
[WhiteElo "1888"]
[BlackElo "1727"]
[PlyCount "97"]
[EventDate "2016.09.22"]
[EventType "swiss"]
[EventRounds "11"]
[EventCountry "RUS"]
[SourceTitle "EXT 2017"]
[Source "ChessBase"]
[SourceDate "2016.10.25"]
[SourceVersion "1"]
[SourceVersionDate "2016.10.25"]
[SourceQuality "1"]

1. d4 Nf6 2. c4 g6 3. Nc3 Bg7 4. e4 d6 5. Be2 0-0 6. Bg5 Nbd7 7. Qd2 Re8 8. f3 c5 9. d5 a6 10. a4 b6 11. Nh3 Qc7 12. Nf2 Ne5 13. 0-0 Rb8 14. h3 e6 15. Be3 exd5 16. cxd5 Ra8 17. f4 Ned7 18. Bf3 Rb8 19. g4 Kh8 20. Rab1 b5 21. axb5 axb5 22. b4 cxb4 23. Ne2 Nc5 24. Rxb4 Nfd7 25. Rc1 Qa5 26. Nd4 Bxd4 27. Bxd4+ Kg8 28. Ra1 Qd8 29. Qc3 Na6 30. Rbb1 b4 31. Qd2 Qh4 32. Kg2 Ndc5 33. e5 Bd7 34. Ra5 Qd8 35. Qa2 b3 36. Qd2 Rb5 37. Rxb5 Bxb5 38. Rc1 Na4 39. Ne4 dxe5 40. fxe5 Kf8 41. Qh6+ Ke7 42. d6+ Ke6 43. Nf6 Nb4 44. g5 Bd3 45. Bg4+ Bf5 46. Bxf5+ Kxf5 47. Qh4 Qa8+ 48. Kh2 Qf3 49. Rf1 1-0

[Event "Wch U14"]
[Site "Khanty-Mansiysk"]
[Date "2016.09.24"]
[Round "3"]
[White "Osaka, Takuma"]
[Black "Zhou, Junfeng"]
[Result "0-1"]
[WhiteElo "1888"]
[BlackElo "2125"]
[PlyCount "110"]
[EventDate "2016.09.22"]
[EventType "swiss"]
[EventRounds "11"]
[EventCountry "RUS"]
[SourceTitle "EXT 2017"]
[Source "ChessBase"]
[SourceDate "2016.10.25"]
[SourceVersion "1"]
[SourceVersionDate "2016.10.25"]
[SourceQuality "1"]

1. d4 Nf6 2. c4 g6 3. Nc3 d5 4. Nf3 Bg7 5. Qb3 dxc4 6. Qxc4 0-0 7. e4 Na6 8. Be2 c5 9. d5 e6 10. 0-0 exd5 11. exd5 Bf5 12. Rd1 Re8 13. Be3 Ne4 14. Bd3 Nd6 15. Qa4 Bxd3 16. Rxd3 c4 17. Rdd1 Nc7 18. Nd4 a6 19. Qc2 Qd7 20. b3 cxb3 21. axb3 Ncb5 22. Na4 Nxd4 23. Bxd4 Bxd4 24. Rxd4 Rac8 25. Qd3 Qc7 26. Rd1 b5 27. Nb2 Qc2 28. Qxc2 Rxc2 29. Nd3 Ree2 30. Rf4 Red2 31. Rxd2 Rxd2 32. Ne1 Rxd5 33. Kf1 Rd2 34. Rf3 Ne4 35. Nd3 Ra2 36. Nb4 Nd2+ 37. Ke2 Nxf3+ 38. Nxa2 Nd4+ 39. Kd3 Nxb3 40. Nc3 Nc5+ 41. Kd4 Ne6+ 42. Kd5 Nf4+ 43. Kc6 Nxg2 44. Kb6 Ne1 45. Kxa6 Nd3 46. Nxb5 Nxf2 47. Nc3 Ng4 48. h3 Nf2 49. h4 Kg7 50. Nd5 Ne4 51. Nf4 Nd6 52. Kb6 Nf5 53. Ng2 Kh6 54. Kc5 Kh5 55. Kd5 Nxh4 0-1